Analytical ultracentrifugation in biochemistry and polymer science / (Record no. 234134)
[ view plain ]
| 000 -LEADER | |
|---|---|
| fixed length control field | 01372cam a2200325 a 4500 |
| 001 - CONTROL NUMBER | |
| control field | 3473966 |
| 003 - CONTROL NUMBER IDENTIFIER | |
| control field | Nust |
| 005 - DATE AND TIME OF LATEST TRANSACTION | |
| control field | 20170314120523.0 |
| 008 - FIXED-LENGTH DATA ELEMENTS--GENERAL INFORMATION | |
| fixed length control field | 930225s1992 enka b 001 0 eng |
| 010 ## - LIBRARY OF CONGRESS CONTROL NUMBER | |
| LC control number | 93119636 |
| 020 ## - INTERNATIONAL STANDARD BOOK NUMBER | |
| International Standard Book Number | 0851863450 |
| 040 ## - CATALOGING SOURCE | |
| Original cataloging agency | DLC |
| Transcribing agency | ASAB |
| Modifying agency | DLC |
| 050 00 - LIBRARY OF CONGRESS CALL NUMBER | |
| Classification number | QP519.9.U47 |
| Item number | A53 1992 |
| 082 00 - DEWEY DECIMAL CLASSIFICATION NUMBER | |
| Classification number | 574.19 HAR |
| Edition number | 20 |
| 245 00 - TITLE STATEMENT | |
| Title | Analytical ultracentrifugation in biochemistry and polymer science / |
| Statement of responsibility, etc. | edited by S.E. Harding, A.J. Rowe, J.C. Horton. |
| 260 ## - PUBLICATION, DISTRIBUTION, ETC. | |
| Place of publication, distribution, etc. | Cambridge [England] : |
| Name of publisher, distributor, etc. | Royal Society of Chemistry, |
| Date of publication, distribution, etc. | c1992. |
| 300 ## - PHYSICAL DESCRIPTION | |
| Extent | xiii, 629 p. : |
| Other physical details | ill. ; |
| Dimensions | 24 cm. |
| 504 ## - BIBLIOGRAPHY, ETC. NOTE | |
| Bibliography, etc. note | Includes bibliographical references and indexes. |
| 650 #0 - SUBJECT ADDED ENTRY--TOPICAL TERM | |
| Topical term or geographic name entry element | Ultracentrifugation. |
| 650 #0 - SUBJECT ADDED ENTRY--TOPICAL TERM | |
| Topical term or geographic name entry element | Proteins |
| General subdivision | Analysis. |
| 650 #0 - SUBJECT ADDED ENTRY--TOPICAL TERM | |
| Topical term or geographic name entry element | Polymers |
| General subdivision | Analysis. |
| 700 1# - ADDED ENTRY--PERSONAL NAME | |
| Personal name | Harding, S. E. |
| Fuller form of name | (Stephen E.) |
| 700 1# - ADDED ENTRY--PERSONAL NAME | |
| Personal name | Rowe, Arthur Jennison, |
| Dates associated with a name | 1933- |
| 700 1# - ADDED ENTRY--PERSONAL NAME | |
| Personal name | Horton, J. C. |
| Fuller form of name | (John C.) |
| 856 42 - ELECTRONIC LOCATION AND ACCESS | |
| Materials specified | Publisher description |
| Uniform Resource Identifier | <a href="http://www.loc.gov/catdir/enhancements/fy1109/93119636-d.html">http://www.loc.gov/catdir/enhancements/fy1109/93119636-d.html</a> |
| 856 41 - ELECTRONIC LOCATION AND ACCESS | |
| Materials specified | Table of contents only |
| Uniform Resource Identifier | <a href="http://www.loc.gov/catdir/enhancements/fy1109/93119636-t.html">http://www.loc.gov/catdir/enhancements/fy1109/93119636-t.html</a> |
| 906 ## - LOCAL DATA ELEMENT F, LDF (RLIN) | |
| a | 7 |
| b | cbc |
| c | orignew |
| d | 2 |
| e | ncip |
| f | 19 |
| g | y-gencatlg |
| 942 ## - ADDED ENTRY ELEMENTS (KOHA) | |
| Source of classification or shelving scheme | |
| Koha item type | Book |
| Withdrawn status | Lost status | Source of classification or shelving scheme | Damaged status | Not for loan | Collection code | Permanent Location | Current Location | Date acquired | Total Checkouts | Full call number | Barcode | Date last seen | Price effective from | Koha item type |
|---|---|---|---|---|---|---|---|---|---|---|---|---|---|---|
| Central Library (CL) | Central Library (CL) | 03/14/2017 | 574.19 HAR | ASAB1900 | 03/14/2017 | 03/14/2017 | Book |
